[Event "Santiago de Surco Cup Santa Maria 1st"]
[Site "Santiago de Surco"]
[Date "2016.12.03"]
[Round "4.8"]
[White "Mendoza Alvarez, Diego"]
[Black "Freyre, Rodrigo"]
[Result "0-1"]
[WhiteElo "1493"]
[BlackElo "1956"]
[PlyCount "52"]
[EventDate "2016.11.26"]
[EventType "swiss"]
[EventRounds "7"]
[EventCountry "PER"]
[SourceTitle "EXT 2024"]
[Source "ChessBase"]
[SourceDate "2023.10.10"]
[SourceVersion "1"]
[SourceVersionDate "2023.10.10"]
[SourceQuality "1"]

1. d4 Nf6 2. c4 g6 3. Nc3 Bg7 4. e4 d6 5. Bd2 0-0 6. Nf3 e5 7. d5 a5 8. a4 Na6 9. Bd3 Nh5 10. h3 Bd7 11. Qc1 Nc5 12. Bc2 f5 13. exf5 e4 14. Ng5 gxf5 15. h4 Qe7 16. 0-0 b6 17. Ne2 Rae8 18. Bc3 f4 19. Bxg7 Qxg7 20. Nc3 f3 21. g3 h6 22. Ngxe4 Nxe4 23. Nxe4 Rxe4 24. Bxe4 Nxg3 25. Qc2 Ne2+ 26. Kh2 Qg2# 0-1